000
00270nam a2200109Ia 4500
008
190216s9999||||xx |||||||||||||| ||und||
100
_a
Desai.A.R
245
0
_a
Social Background Of Indian History
260
_b
Popular Prakashan
650
_a
Indian History
942
_c
BK
999
_c
18606
_d
18606